000 00581nam a2200193 a 4500
001 000046638
005 20201002053021.0
008 180314s200- dr 000 0 spa d
020 _a9789945606041
040 _aDO-SdBNP
_bspa
_cBNPHU
082 _axxxx
_bR426L
110 1 _aRepública Dominicana
_9447
240 1 0 _a[Leyes, etc.]
245 1 0 _aLey No. 489-08 :
_bsobre arbitraje comercial.
260 _aSanto Domingo :
_bDalis,
_c[s.f.].
300 _a24 p. ;
_c22 cm.
500 _aPublicada en G. O. no. 10502, del 30 de diciembre de 2008
590 _aInventariado, 2018/BT
999 _c46127
_d46127